Tests of Reasoning and Mental Ability Book1 (Record no. 19299)
[ view plain ]
| 000 -LEADER | |
|---|---|
| fixed length control field | 00388nam a22001577a 4500 |
| 003 - CONTROL NUMBER IDENTIFIER | |
| control field | OSt |
| 008 - FIXED-LENGTH DATA ELEMENTS--GENERAL INFORMATION | |
| fixed length control field | 250205b |||||||| |||| 00| 0 eng d |
| 041 ## - LANGUAGE CODE | |
| Language code of text/sound track or separate title | eng |
| 082 ## - DEWEY DECIMAL CLASSIFICATION NUMBER | |
| Classification number | 028.7021 |
| Item number | VIN/TE |
| 100 ## - MAIN ENTRY--AUTHOR NAME | |
| Personal name | VinodKumar |
| 245 ## - TITLE STATEMENT | |
| Title | Tests of Reasoning and Mental Ability Book1 |
| 250 ## - EDITION STATEMENT | |
| Edition statement | 1st |
| 260 ## - PUBLICATION, DISTRIBUTION, ETC. (IMPRINT) | |
| Place of publication | New Delhi: |
| Name of publisher | Sultan Chand & Sons, |
| Year of publication | 1992. |
| 300 ## - PHYSICAL DESCRIPTION | |
| Number of Pages | 116p. |
| 942 ## - ADDED ENTRY ELEMENTS (KOHA) | |
| Koha item type | Books |
| Withdrawn status | Lost status | Damaged status | Home library | Current library | Shelving location | Date acquired | Cost, normal purchase price | Full call number | Accession Number | Koha item type |
|---|---|---|---|---|---|---|---|---|---|---|
| KAUAET | KAUAET | Reference | 05/02/2025 | 40.00 | 028.7021 VIN/TE | 18039 | Books |
